two-headed mother - ethel cain - Statistics

General Stats
  • This quiz has been taken 9 times
  • The average score is 104 of 139
Answer Stats
Answer % Correct
but
100%
create
100%
headed
100%
i
100%
in
100%
mother
100%
that
100%
the
100%
two
100%
you
100%
created
89%
know
89%
think
89%
waves
89%
your
89%
and
78%
bed
78%
dont
78%
ill
78%
ive
78%
love
78%
she
78%
again
67%
at
67%
before
67%
can
67%
feel
67%
good
67%
hates
67%
im
67%
just
67%
kill
67%
my
67%
youre
67%
all
56%
babe
56%
back
56%
down
56%
get
56%
kissing
56%
men
56%
no
56%
so
56%
they
56%
through
56%
to
56%
up
56%
wont
56%
black
44%
from
44%
fuck
44%
heads
44%
inside
44%
mind
44%
myself
44%
need
44%
of
44%
send
44%
spitting
44%
tyrannical
44%
until
44%
ways
44%
worst
44%
bite
33%
fire
33%
gon
33%
loved
33%
more
33%
never
33%
not
33%
out
33%
pull
33%
pulled
33%
til
33%
den
22%
sore
22%
wade
22%
No matching quizzes found
Score Distribution
Percent of People with Each Score
Percentile by Number Answered
Your Score History
You have not taken this quiz